000 00687cam a2200157K 4500
082 0 4 _a940.288
_bUPW
100 1 _aUpward, Allen,
_949446
245 1 4 _aThe East end of Europe
_bThe report of an unofficial mission to the European provinces of Turkey on the eve of the revolution,
_cby Allen Upward ... with a preface by the late Major Sir Edward Fitzgerald Law.
260 _aLondon,
_bJ. Murray,
_c1908.
300 _a1 online resource (xxiii, 368 p.)
_bfront., plates, ports.
526 _a0
_b0
_c0
_d940_288000000000000_UPW
650 0 _aEastern question (Balkan)
_949447
650 0 _aMCE
_9379
856 4 0 _uhttp://catalog.hathitrust.org/api/volumes/oclc/6347671.html
942 _2ddc
_cBK
999 _c552220
_d552220